[Event "Chesscup Blitz 2020"]
[Site "Katowice"]
[Date "2020.09.12"]
[Round "6.8"]
[White "Turski, Bartlomiej"]
[Black "Socko, Monika"]
[Result "1/2-1/2"]
[WhiteElo "1985"]
[BlackElo "2289"]
[Annotator "TA"]
[PlyCount "141"]
[EventDate "2020.09.12"]
[EventType "swiss"]
[EventCountry "POL"]
[SourceTitle "playchess.com"]
[Source "ChessBase"]
[SourceQuality "1"]

{[%evp 10,141,32,19,29,37,48,60,61,52,58,50,48,36,34,32,40,26,52,50,94,95,85,83,76,39,32,29,38,8,14,-4,-8,-25,-16,-17,-11,-7,-9,-17,5,-22,-41,-37,-12,-12,-7,-15,-10,-26,0,-4,0,-17,14,0,0,-19,-10,-28,-8,-31,-38,-77,-75,-133,-142,-205,-207,-313,-156,-264,-175,-356,-174,-160,-145,-170,-123,-127,-98,-99,156,133,234,212,564,-189,-164,-415,-410,-369,-322,-316,-311,-295,0,-185,29999,-420,-418,-400,-400,-337,-117,-125,0,-186,-270,-246,-250,-1054,-1038,-12828,-4802,-1237,-1446,-677,0,0,0,0,0,0,0,0,0,0,0,0,0,0,0,0]} 1. e4 c6 2. d4 d5 3. exd5 cxd5 4. Bd3 Nc6 5. c3 g6 6. h3 {[#]} Bh6 $146 {B13: Caro-Kann: Exchange Variation and Panov-Botvinnik Attack.} ({Predecessor:} 6... Bf5 7. Bxf5 gxf5 8. Ne2 e6 9. Nd2 Nge7 10. Nf3 Ng6 11. h4 Bd6 12. h5 Nge7 13. Bf4 Rg8 14. g3 {1-0 (33) Kovalev,V (2639)-Michalik,P (2557) Katowice 2017}) 7. Nf3 Bg7 8. O-O Nh6 {White is slightly better.} 9. Bf4 O-O 10. Qd2 Nf5 11. Re1 Nd6 12. Qd1 Bf5 13. Bf1 Ne4 14. Nbd2 Rc8 15. Nxe4 Bxe4 16. Nd2 Bf5 17. Qb3 Qd7 18. Bb5 a6 19. Bxc6 (19. Be2 {feels hotter.} Bf6 20. Bf3 e6 21. Qd1 g5 22. Bg3) 19... Rxc6 20. Nf3 f6 21. Re2 Re8 22. Rae1 Re6 23. Rxe6 Bxe6 24. Qb6 Bf7 25. Qc7 Qxc7 26. Bxc7 Kf8 27. Bb6 e6 28. Bc5+ Kg8 29. a4 h6 30. a5 Rc8 31. Kf1 Rc6 32. Ke2 Be8 33. Kd2 Kf7 34. Kd3 Bd7 35. Kd2 Rc8 36. Re3 {[#]} e5 $1 {[%mdl 512]} 37. Bb6 (37. Nh2 $142) (37. dxe5 Rxc5) 37... e4 $17 38. Ne1 (38. Ng1 $17) 38... h5 $19 39. Kc2 (39. f3 {was called for.}) 39... Bb5 (39... Bh6 $19 40. Kd2 Bxe3+ 41. Kxe3 Bb5) 40. g3 (40. h4 $17) 40... Bh6 41. f4 $2 (41. Ng2 {was forced.}) 41... exf3 (41... Bf1 $142 {Strongly threatening ...g5.} 42. Kd1 h4) 42. Rxf3 Re8 43. Nd3 Re2+ 44. Kb3 Bc4+ 45. Ka3 Be3 $2 {[%mdl 8192]} (45... Bxd3 $17 {and life is bright.} 46. Rxd3 Ke6) 46. Ne5+ $1 $16 Ke6 (46... Kg7 $16 47. Nxc4 dxc4) 47. Nxc4 $18 ({Not} 47. Nxg6 Bc1 $14) 47... dxc4 $2 {[%mdl 4096] Endgame [#] KRB-KRB} (47... Bc1 {is tougher.}) 48. Bd8 $4 {[%mdl 8192]} (48. Rxe3+ $1 $18 {[%mdl 512] avoids the disaster.} Rxe3 49. d5+ $1 {[%mdl 576] Discovered Attack} Kxd5 50. Bxe3) 48... f5 $19 49. Kb4 $2 (49. Rf1) 49... Kd5 50. b3 Ke4 51. Rf1 cxb3 52. Kxb3 {[#]} Bd2 $2 (52... h4 $1 $19 {[%mdl 512]} 53. gxh4 (53. Bxh4 g5) 53... f4) 53. Kc4 $2 {[#]} (53. Rd1 $1 $11) 53... Re3 $4 {[%mdl 8192]} (53... h4 $1 $19 {[%mdl 512]} 54. Bxh4 g5 55. Bxg5 Bxg5) 54. Kc5 $4 {[%mdl 8192]} (54. Rf4#) 54... Rxc3+ 55. Kb6 Rb3+ 56. Ka7 {intending Rd1.} Be3 $2 ({Less strong is} 56... Rxg3 57. Kxb7 Rxh3 58. Kxa6 $19) (56... Kxd4 $2 57. Bb6+ Ke4 58. Rd1 $19) (56... Rb5 $19 {and Black stays clearly on top.} 57. Ra1 Bc3) 57. Bb6 $17 {[#]} g5 (57... h4 $1 $17 {[%cal Rh4g3]} 58. gxh4 f4) 58. Re1 $2 (58. Kxb7 $11 {and White stays safe.} Bxd4 59. Kxa6) 58... f4 $19 59. gxf4 gxf4 60. Kxb7 $2 (60. Rd1 f3 61. d5) 60... f3 61. Kxa6 f2 62. Rf1 Kf3 63. d5 Bxb6 $2 ({Black should play} 63... Rd3 $19 64. Bxe3 Kxe3) 64. axb6 {KR-KR. The position is equal.} Ra3+ 65. Kb7 Rd3 $1 {[%cal Rd3d5]} 66. Kc6 {aiming for Rb1.} Rc3+ 67. Kd7 Rb3 68. Kc7 {Threatens to win with d6.} Rc3+ 69. Kd6 Rb3 70. Kc7 {Black must now prevent d6.} Rc3+ 71. Kd7 {White used his chance. Accuracy: White = 56%, Black = 55%.} 1/2-1/2

[Event "Chesscup Blitz 2020"]
[Site "Katowice"]
[Date "2020.09.12"]
[Round "6.9"]
[White "Majek, Kacper"]
[Black "Jarmula, Lukasz"]
[Result "0-1"]
[WhiteElo "2057"]
[BlackElo "2244"]
[Annotator "ChessBase"]
[PlyCount "59"]
[EventDate "2020.09.12"]
[EventType "swiss"]
[EventCountry "POL"]
[SourceTitle "playchess.com"]
[Source "ChessBase"]
[SourceQuality "1"]
[TimeControl "180+2"]

1. e4 {[%emt 0:00:00]} e5 {[%emt 0:00:00]} 2. Bc4 {[%emt 0:00:01]} Nc6 {[%emt 0:00:02]} 3. Nf3 {[%emt 0:00:01]} Bc5 {[%emt 0:00:02]} 4. c3 {[%emt 0:00:02]} Nf6 {[%emt 0:00:02]} 5. d4 {[%emt 0:00:01]} exd4 {[%emt 0:00:01]} 6. cxd4 {[%emt 0:00:02]} Bb4+ {[%emt 0:00:02]} 7. Nc3 {[%emt 0:00:00]} Nxe4 {[%emt 0:00:02]} 8. O-O {[%emt 0:00:04]} Bxc3 {[%emt 0:00:02]} 9. d5 {[%emt 0:00:01]} Bf6 {[%emt 0:00:18]} 10. Re1 {[%emt 0:00:05]} Ne7 {[%emt 0:00:02]} 11. Rxe4 {[%emt 0:00:04]} d6 {[%emt 0:00:12]} 12. Bg5 {[%emt 0:00:01]} Bxg5 {[%emt 0:00:03]} 13. Nxg5 {[%emt 0:00:02]} h6 {[%emt 0:00:02]} 14. Qh5 {[%emt 0:00:29]} O-O {[%emt 0:00:07]} 15. Nf3 {[%emt 0:00:32]} Ng6 {[%emt 0:00:18]} 16. Rae1 {[%emt 0:00:04]} Bd7 {[%emt 0:00:09]} 17. Bd3 {[%emt 0:00:15]} Qf6 {[%emt 0:00:04]} 18. g3 {[%emt 0:01:20]} Bf5 {[%emt 0:00:25]} 19. R4e3 {[%emt 0:00:12]} Bxd3 {[%emt 0:00:02]} 20. Rxd3 {[%emt 0:00:01]} Qxb2 {[%emt 0:00:10]} 21. Rb3 {[%emt 0:00:01]} Qxa2 {[%emt 0:00:15]} 22. Rxb7 {[%emt 0:00:01]} Qc4 {[%emt 0:00:13]} 23. Qf5 {[%emt 0:00:08]} a5 {[%emt 0:00:08]} 24. h4 {[%emt 0:00:07]} Rfe8 {[%emt 0:00:31]} 25. h5 {[%emt 0:00:02]} Rxe1+ {[%emt 0:00:03]} 26. Nxe1 {[%emt 0:00:01]} Ne5 {[%emt 0:00:06]} 27. Qf4 {[%emt 0:00:13]} Qxd5 {[%emt 0:00:15]} 28. Rxc7 {[%emt 0:00:01]} a4 {[%emt 0:00:02]} 29. Rc1 a3 {[%emt 0:00:02]} 30. Ra1 0-1

[Event "Chesscup Blitz 2020"]
[Site "Katowice"]
[Date "2020.09.12"]
[Round "6.10"]
[White "Kos, Pawel"]
[Black "Grochol, Kamil"]
[Result "0-1"]
[WhiteElo "2234"]
[BlackElo "1945"]
[Annotator "ChessBase"]
[PlyCount "47"]
[EventDate "2020.09.12"]
[EventType "swiss"]
[EventCountry "POL"]
[SourceTitle "playchess.com"]
[Source "ChessBase"]
[SourceQuality "1"]
[TimeControl "180+2"]

1. Nf3 {[%emt 0:00:00]} d5 {[%emt 0:00:00]} 2. g3 {[%emt 0:00:02]} Nf6 {[%emt 0:00:00]} 3. Bg2 {[%emt 0:00:01]} e6 {[%emt 0:00:00]} 4. O-O {[%emt 0:00:03]} Be7 {[%emt 0:00:01]} 5. d3 {[%emt 0:00:04]} O-O {[%emt 0:00:02]} 6. Nbd2 {[%emt 0:00:01]} c5 {[%emt 0:00:02]} 7. e4 {[%emt 0:00:15]} Nc6 {[%emt 0:00:03]} 8. e5 {[%emt 0:00:28]} Nd7 {[%emt 0:00:01]} 9. Re1 {[%emt 0:00:01]} b5 {[%emt 0:00:06]} 10. c4 {[%emt 0:00:03]} bxc4 {[%emt 0:00:51]} 11. dxc4 {[%emt 0:00:03]} Nb6 {[%emt 0:00:01]} 12. cxd5 {[%emt 0:00:10]} Nxd5 {[%emt 0:00:02]} 13. a3 {[%emt 0:00:27]} Rb8 {[%emt 0:00:26]} 14. Ne4 {[%emt 0:00:10]} h6 {[%emt 0:00:03]} 15. h4 {[%emt 0:00:08]} Bb7 {[%emt 0:00:33]} 16. Qc2 {[%emt 0:00:24]} Qb6 {[%emt 0:00:14]} 17. Bd2 {[%emt 0:00:46]} Ba6 {[%emt 0:00:14]} 18. Rab1 {[%emt 0:00:05]} Rfc8 {[%emt 0:00:08]} 19. b3 {[%emt 0:00:13]} Nd4 {[%emt 0:00:19]} 20. Nxd4 {[%emt 0:00:03]} cxd4 {[%emt 0:00:01]} 21. Qd1 {[%emt 0:00:04]} Nc3 {[%emt 0:00:07]} 22. Qg4 {[%emt 0:00:08]} Kf8 {[%emt 0:00:19]} 23. Rb2 {[%emt 0:00:04]} Bxa3 {[%emt 0:00:04]} 24. Rc2 0-1

[Event "Chesscup Blitz 2020"]
[Site "Katowice"]
[Date "2020.09.12"]
[Round "7.1"]
[White "Janik, Igor"]
[Black "Miton, Kamil"]
[Result "1-0"]
[WhiteElo "2470"]
[BlackElo "2590"]
[Annotator "TA"]
[PlyCount "81"]
[EventDate "2020.09.12"]
[EventType "swiss"]
[EventCountry "POL"]
[SourceTitle "playchess.com"]
[Source "ChessBase"]
[SourceQuality "1"]

{[%evp 14,80,8,-40,-33,-37,0,0,0,0,31,-33,0,-24,-25,-14,-12,-10,-2,-14,-15,-68,-5,-24,-45,-79,0,-105,0,-5,-14,0,20,10,98,4,59,45,33,-12,-9,-12,-12,-20,-14,-33,72,45,51,-59,-59,-60,18,0,0,0,21,22,208,0,8,0,82,78,254,252,754,188,29999]} 1. e4 c5 2. Nf3 Nc6 3. Bb5 e6 4. Bxc6 bxc6 5. b3 Ne7 6. Bb2 f6 7. O-O Ng6 8. d4 {was the old line (8.e5).} cxd4 {B30: Sicilian: 2...Nc6 3 Bb5, lines without ...g6.} 9. Nxd4 Be7 (9... e5 $5 {[%cal Re5d4]} 10. Nf5 d5 $11) 10. c4 O-O {The position is equal.} 11. Nc3 c5 {[#]} 12. Nc2 $146 (12. Nf5 $14) ({Predecessor:} 12. Nde2 f5 13. exf5 Rxf5 14. Ng3 Rf7 15. Qd2 Bb7 16. Rad1 Nf4 17. f3 Bc6 18. Nce2 {½-½ (32) Beulen,M (2320)-Sloots,J Netherlands 1996}) 12... Bb7 13. Qd2 f5 14. Rad1 Bc6 15. exf5 Rxf5 16. Ne3 Bg5 17. Ne2 (17. Qc2 $11 Bxe3 18. fxe3) 17... Qc7 (17... Rf7 $15) 18. Qc3 {[%csl Gb2][%cal Rc3g7]} Rf7 19. Ng4 {[#]} h5 ({Don't play} 19... Bxg2 $6 20. Kxg2 h5 21. Ne5 $14) (19... Raf8 $1 $17) 20. Ne5 {[#]} (20. Qc2 $11 Nh4 21. Ne5) 20... Nxe5 (20... Bf6 $1 $17 {[%cal Rf6e5]} 21. f4 d6) 21. Qxe5 $11 Qxe5 22. Bxe5 a5 23. Bd6 Rf5 (23... Rc8 $11) 24. f4 (24. Ng3 $16 Rf7 25. Nxh5) 24... Bh6 (24... Bh4 $11) 25. Ng3 $14 Rf7 26. Nxh5 a4 27. Rd2 axb3 28. axb3 Ra3 29. Rb2 Ra5 (29... g6 $15 {stays ahead.} 30. Ng3 (30. Bxc5 $2 Ra5 $17) 30... Bg7) 30. g4 g6 31. Ng3 (31. g5 $1 $14) 31... Bg7 $15 32. Be5 Bf8 ({Black should try} 32... Rxf4 $1 $15 33. Bxg7 Rxf1+ 34. Nxf1 Kxg7) 33. h4 Rh7 (33... d6 $5 34. Bc3 $8 Ra3 $11) 34. h5 $36 {[%mdl 2048] White has the initiative.} gxh5 35. Nxh5 Kf7 $2 (35... Be7 $11 {and Black is okay.}) 36. Kf2 $2 ({Better is} 36. f5 $18 {aiming for fxe6+.} Be7 37. fxe6+ Kg8 38. exd7 Bxd7 39. Bf6) 36... Be7 37. Kg3 {And now f5 would win.} Ra8 (37... d6 $11 {keeps the balance.}) 38. f5 $16 {Black must now prevent fxe6+.} Rg8 $2 (38... d6 $16 39. fxe6+ Kxe6) 39. fxe6+ $18 Kxe6 $2 (39... Ke8 40. Nf6+ Bxf6 41. Bxf6 (41. Rxf6 Rh1 $16) 41... dxe6) 40. Rf5 $2 (40. Re2 {White wants to mate with Bc7+.} d6 41. Bg7+ Kd7 42. Rf7) 40... Be4 $2 (40... d6 $18) 41. Nf4# {Accuracy: White = 55%, Black = 38%.} 1-0

[Event "Chesscup Blitz 2020"]
[Site "Katowice"]
[Date "2020.09.12"]
[Round "7.2"]
[White "Teclaf, Pawel"]
[Black "Jakubowski, Krzysztof"]
[Result "0-1"]
[WhiteElo "2464"]
[BlackElo "2481"]
[Annotator "TA"]
[PlyCount "80"]
[EventDate "2020.09.12"]
[EventType "swiss"]
[EventCountry "POL"]
[SourceTitle "playchess.com"]
[Source "ChessBase"]
[SourceQuality "1"]

{[%evp 18,80,19,15,14,-43,51,50,39,32,86,69,84,0,17,0,16,2,0,-29,-22,-69,-80,-71,-63,-377,-295,-310,-309,-290,-274,-277,-271,-270,-292,-420,-420,-477,-385,-538,-538,-531,-496,-589,-580,-1475,-684,-1300,-16,-21,0,-124,-124,-136,-21,-783,-738,-29985,-29986,-29989,-29990,-29992,-29980,-29978,-29979]} 1. e4 c5 2. Nf3 e6 3. d4 cxd4 4. Nxd4 Nc6 5. Nc3 Qc7 6. Ndb5 Qb8 7. Be3 a6 8. Bb6 axb5 9. Nxb5 Bb4+ 10. c3 Ba5 $1 {[%cal Ra5b6] B47: Sicilian: Taimanov: 5 Nc3 Qc7 6 f4, 6 g3 and 6 Be2.} 11. Nd6+ (11. Nc7+ $1 $11 Qxc7 12. Bxc7 Bxc7 13. Qg4) 11... Qxd6 (11... Kf8 $15 12. Bc5 b6) 12. Qxd6 $14 Bxb6 {White is slightly better.} 13. Bd3 {[#]} (13. a4 {looks sharper.} Nf6 14. f3 Bd8 15. Bb5 Be7 16. Qg3) 13... Ba7 $146 (13... Nf6 $14) ({Predecessor:} 13... Nf6 14. O-O Bd8 15. a4 Be7 16. Qg3 O-O 17. e5 Ne8 18. b4 d6 19. exd6 Bxd6 {0-1 (40) Debashis,D (2411)-Kunte,A (2517) New Delhi 2010}) 14. Qg3 $16 g6 15. e5 ({Better is} 15. Qh4 $16) 15... Bb8 $11 16. f4 Nge7 17. h4 h5 18. Qg5 d6 {[%cal Rd6e5]} 19. exd6 Bxd6 20. O-O Ra5 {[%mdl 1024] Black has strong compensation.} 21. Bb5 $2 {[%mdl 8192]} (21. Qg3 $1 $15) 21... O-O 22. a4 Nf5 23. b4 Ra8 ({Don't take} 23... Be7 24. bxa5 Nxa5 25. Rfe1 $19) 24. Bxc6 bxc6 25. Qf6 Ba6 26. Rf2 (26. Rfd1 {was worth a try.}) 26... Rfd8 $19 27. Rb1 Bd3 (27... Be7 $2 28. Qe5 $19) 28. Rd1 Be7 29. Qe5 Bc4 30. Rxd8+ Rxd8 31. a5 Bxh4 (31... Rd1+ $142 32. Kh2 Bxh4) 32. Rf3 Ng3 $2 (32... Rd1+ $19 33. Kh2 Nh6 34. Qb8+ Kh7) 33. Kh2 $11 {Strongly threatening Qc5.} Nf5 $36 {[%mdl 2048] And now ...Rd1 would win. White is under pressure.} 34. Qc5 {[#]} (34. Kg1 $1 $11 {was the only way to keep the balance.} Rd1+ 35. Kh2) 34... Be2 $1 $17 {[%cal Re2f3]} 35. Rh3 {[#] aiming for Rxh4!} Be1 (35... Be7 $1 $17 {[%cal Re7c5]} 36. Qxc6 Kg7) 36. c4 $2 {[%mdl 8192]} (36. a6 $11 Nh6 37. Rf3) 36... h4 $19 37. g4 hxg3+ {Black mates.} 38. Kg2 Rd2 39. Kg1 Bg4 40. Rh8+ Kxh8 {Accuracy: White = 34%, Black = 73%.} 0-1

[Event "Chesscup Blitz 2020"]
[Site "Katowice"]
[Date "2020.09.12"]
[Round "7.3"]
[White "Walter, Szymon"]
[Black "Piorun, Kacper"]
[Result "0-1"]
[WhiteElo "2227"]
[BlackElo "2596"]
[Annotator "TA"]
[PlyCount "94"]
[EventDate "2020.09.12"]
[EventType "swiss"]
[EventCountry "POL"]
[SourceTitle "playchess.com"]
[Source "ChessBase"]
[SourceQuality "1"]

{[%evp 14,94,29,24,27,30,27,30,33,35,35,20,59,17,142,143,156,121,175,145,154,77,113,145,187,86,56,34,89,95,127,133,127,125,134,55,47,-29,-34,-42,-46,-36,-46,-42,-37,-112,-112,-146,-158,-189,33,16,85,73,52,54,381,375,4794,1045,1044,1029,914,762,1201,274,244,-1115,-1052,-29988,-1374,-29985,-2895,-29986,-29987,-29986,-29987,-29987,-29988,-29988,-29989,-29988,-29980]} 1. e4 e5 2. Nf3 Nc6 3. Bb5 g6 4. O-O Bg7 5. c3 a6 6. Ba4 Nge7 7. d4 exd4 8. cxd4 b5 {C60: Ruy Lopez: Unusual Black 3rd moves and 3...g6.} 9. Bc2 d6 10. h3 O-O {White has an edge.} 11. Nc3 Bb7 12. Bg5 h6 13. Be3 {[#]} g5 $146 (13... Na5 $1 $11) ({Predecessor:} 13... Na5 14. Qc1 Kh7 15. d5 c6 16. dxc6 Nexc6 17. Bd3 Rc8 18. Qd2 Ne5 19. Nxe5 dxe5 20. Rfd1 Nc4 21. Qe2 Nxe3 {½-½ (21) Sevian,S (2580)-Berczes,D (2482) Dallas 2016}) 14. Rc1 $16 Ng6 15. Qd2 Na5 (15... Qd7 $16 {was necessary.}) 16. b3 $1 $18 c5 17. Nd5 (17. dxc5 $142 Rc8 18. Rfd1) 17... Bxd5 18. exd5 Nb7 19. Bf5 (19. Bxg6 $18 fxg6 20. dxc5 dxc5 21. Bxc5 Nxc5 22. Rxc5) 19... Ne7 $16 {[%mdl 64] Double Attack} 20. Qd3 {[%cal Rd4c5]} Nxf5 (20... Nxd5 $14 21. Be4 (21. dxc5 Nxe3 22. Qxe3 Re8 $15) 21... Nxe3 22. fxe3 Qe7) 21. Qxf5 Qc8 22. Qd3 Rd8 23. Rfe1 Qd7 24. Nd2 (24. h4 $16) 24... Rac8 $14 25. Ne4 (25. Nf1 $14) 25... f5 $11 26. Nc3 f4 27. Bd2 cxd4 {White must now prevent ...Nc5.} 28. Ne4 Nc5 29. Nxc5 ({Better is} 29. Qf3 $15) 29... dxc5 $17 30. Re6 Qxd5 31. Qg6 Rd7 $2 (31... Qd7 $1 $19 {Threatens to win with ...Re8.} 32. h4 Qf7) 32. Rce1 $40 {[%mdl 128] White threatens Re8+ and mate. White is up to no good.} Rf8 (32... Rf7 $11 {remains equal.}) 33. R1e5 $1 $16 {[%cal Re5d5]} (33. Re7 $6 Rxe7 34. Rxe7 Rf7 $11) 33... Qb7 34. h4 ({Much weaker is} 34. Rxa6 Qc7 $15) 34... Rdf7 $2 {[%mdl 8192]} ({Black should play} 34... gxh4 $14 35. Rxc5 Re7) 35. hxg5 $18 c4 $2 (35... hxg5 36. Rxg5 (36. Rxc5 Rf6 $18) 36... Rc8 37. Rxa6 Re8) 36. gxh6 (36. Bb4 $142 d3 37. Bxf8 {[%mdl 64] Pin}) 36... c3 37. Bxf4 c2 38. Bc1 d3 39. Qxd3 $2 (39. Rg5) 39... Bxe5 40. Rg6+ $4 {[%mdl 8192]} (40. Rxe5 $18 Qc6 41. Rg5+ Kh8 42. Rg6) 40... Kh8 $19 41. Qe2 Re7 (41... Qd5 $142 42. f3 Bd4+ 43. Qe3 Rxf3 44. gxf3 Bxe3+ 45. Bxe3 Rxf3 46. Rg5 Rxe3 $1 {[%mdl 512]} 47. Rxd5 c1=Q+ 48. Kg2 Qc2+ {[%mdl 64] Double Attack} 49. Kf1 Qe2+ 50. Kg1 Rg3+ 51. Kh1 Qg2#) 42. Ba3 {[#]} b4 (42... Bh2+ $142 $1 {[%mdl 512]} 43. Kxh2 Qb8+ 44. Bd6 Rxe2 45. Bxb8 c1=Q 46. Ba7 Qc7+ {[%mdl 64] Double Attack} 47. Rg3 Rf4 48. Kh3 Qd7+ 49. Kh2 Qxa7 50. Kh3 Qxf2 51. Rg4 Re3+ 52. g3 Rxg4 53. Kxg4 Rxg3+ 54. Kh5 Qh2#) 43. Bc1 {[#]} Bh2+ $1 {[%mdl 576] Discovered Attack. Black mates.} 44. Kxh2 Rxe2 45. Bb2+ {[#]} Kh7 $1 46. Rg7+ Qxg7 47. hxg7 Rc8 {Both players deserved the win here. Accuracy: White = 41%, Black = 49%.} 0-1

[Event "Chesscup Blitz 2020"]
[Site "Katowice"]
[Date "2020.09.12"]
[Round "7.4"]
[White "Golubka, Petro"]
[Black "Jarmula, Lukasz"]
[Result "1/2-1/2"]
[WhiteElo "2488"]
[BlackElo "2244"]
[Annotator "TA"]
[PlyCount "113"]
[EventDate "2020.09.12"]
[EventType "swiss"]
[EventCountry "POL"]
[SourceTitle "playchess.com"]
[Source "ChessBase"]
[SourceQuality "1"]

{[%evp 19,113,38,44,42,89,42,71,69,80,68,92,0,0,-22,-8,-11,0,-7,9,18,91,86,72,64,75,18,116,111,98,83,108,110,124,122,112,96,124,0,43,44,47,0,0,0,0,0,0,0,0,0,16,16,16,0,0,0,0,0,0,16,16,16,229,207,200,117,330,391,1328,1437,4902,4083,5720,1368,1012,775,867,917,2825,2569,12836,12836,12839,12839,12842,12841,12841,12842,12842,12843,12843,12843,12845,12846,12846,12845]} 1. d4 d5 2. Nf3 e6 3. Bf4 Bd6 4. e3 Nf6 5. Bd3 c5 6. dxc5 Bxc5 7. O-O O-O 8. c4 Nc6 9. Nc3 a6 10. cxd5 exd5 11. Rc1 {D35: Queen's Gambit Declined: Exchange Variation.} Ba7 12. Ne5 {[#]} Be6 $146 ({Predecessor:} 12... Qe7 13. Nxc6 bxc6 14. Na4 Bb7 15. Qc2 Rfd8 16. Nc5 Bxc5 17. Qxc5 Qxc5 18. Rxc5 d4 {1-0 (31) Canney,R-Jellison,D (2280) Denver 1987}) 13. Nxc6 {White is better.} bxc6 14. Na4 Qd7 15. Bxa6 (15. Qc2 $16) 15... d4 $11 16. Bc4 dxe3 17. fxe3 Nd5 18. Bxd5 Bxd5 19. Nc3 Rad8 (19... f6 $11) 20. Nxd5 $16 cxd5 21. Kh1 $36 {[%mdl 2048] [#] Hoping for Rc7. White is pushing.} Qe6 22. Re1 ({White should play} 22. Qf3 $16) 22... Bb8 (22... Rc8 $11 {keeps the balance.}) 23. Bxb8 Rxb8 24. Qd4 Rfe8 25. b3 Rbd8 26. h3 h6 27. a4 Qg6 28. Qg4 (28. Red1 $16) 28... Qxg4 (28... Qb6 {is more complex.} 29. Qd4 Qg6) 29. hxg4 $11 {[%mdl 4096] Endgame KRR-KRR} Rb8 30. Rb1 Re4 31. Kg1 Reb4 32. Kf2 Rxb3 33. Rxb3 Rxb3 {KR-KR} 34. Ra1 Rb6 35. a5 Ra6 36. Ke2 Kf8 37. Kd3 Ke7 38. Kd4 Kd6 39. Ra2 f6 40. g3 Kc6 $2 {[#]} (40... Ra8 $11) 41. Rc2+ $1 $18 Kd6 42. Rc5 Ke6 $2 (42... Ra8 $16 {keeps fighting.}) 43. Rxd5 g5 $2 (43... Rc6 44. Rb5 Kd7 45. Rb7+ Kc8 46. Rxg7 Ra6) 44. e4 {White is clearly winning.} Ra8 45. Kc4 Rc8+ 46. Rc5 (46. Kb5 $142 Rb8+ 47. Kc6) 46... Ra8 47. Kb4 Kd6 48. Rf5 Ke6 49. Kb5 Rb8+ 50. Kc6 Rb4 51. a6 {[%cal Ba5a6,Ba6a7][%mdl 32]} Rxe4 52. Ra5 Rc4+ 53. Kb5 Rc8 54. a7 Ra8 55. Kc6 f5 56. gxf5+ Kf6 57. g4 {[%mdl 32768] Accuracy: White = 81%, Black = 43%. . An unexpected result.} 1/2-1/2

[Event "Chesscup Blitz 2020"]
[Site "Katowice"]
[Date "2020.09.12"]
[Round "7.5"]
[White "Jakubowska, Anna"]
[Black "Klekowski, Maciej"]
[Result "0-1"]
[WhiteElo "2051"]
[BlackElo "2511"]
[Annotator "TA"]
[PlyCount "56"]
[EventDate "2020.09.12"]
[EventType "swiss"]
[EventCountry "POL"]
[SourceTitle "playchess.com"]
[Source "ChessBase"]
[SourceQuality "1"]

{[%evp 14,56,0,-5,25,-18,24,-33,-31,-25,-16,-34,-37,-32,48,17,34,33,26,-14,0,0,0,0,24,0,20,0,0,0,0,-50,-16,-111,0,-255,-247,-255,-244,-289,-269,-772,-767,-29997,-29998]} 1. e4 c5 2. Nc3 Nc6 3. g3 g6 4. Bg2 Bg7 5. d3 e5 6. Nh3 d6 7. O-O Nge7 8. f4 h6 {[#] B25: Closed Sicilian: 3 g3, lines without early Be3.} 9. Kh1 $146 ({Predecessor:} 9. Be3 exf4 10. Nxf4 O-O 11. Qd2 Kh7 12. Rae1 Rb8 13. Ncd5 Nxd5 14. exd5 Ne7 15. Bf2 Nf5 16. Be4 {0-1 (47) Short,N (2677)-Ye,J (2670) Shenyang 2000}) 9... exf4 10. gxf4 ({White should play} 10. Nxf4 $11 b6 11. Bd2) 10... Be6 {Black is slightly better.} 11. f5 gxf5 12. Nf4 Qd7 13. Nh5 Bxc3 ({Black should try} 13... Be5 $15) 14. bxc3 $14 O-O-O 15. Nf6 Qc7 16. Nd5 Bxd5 17. exd5 Ne5 18. c4 Rhg8 19. Rb1 Rg6 20. Bf4 f6 21. c3 Rdg8 22. Rb2 Qd7 23. Rd2 {[#]} (23. Bh3 $11 {keeps the balance.}) 23... b6 (23... Nxd3 $1 $17 {[%mdl 512] ...Ne5 is the strong threat.} 24. Rxd3 Rxg2) 24. Qb3 $2 {[%mdl 8192] [#]} (24. Re2 $11) 24... Nxd3 $1 $19 {[%mdl 576] Deflection} 25. Rxd3 {Strongly threatening Bh3.} Rxg2 26. Bg3 Re2 {White must now prevent ...f4!} 27. a4 $2 {[#]} (27. Qd1 Re4 28. Qf3) 27... f4 $1 {( -> ...Qh3!)} 28. Rxf4 {[#]} Qh3 $1 {Accuracy: White = 36%, Black = 67%.} 0-1